[Event "TCh-CHN 2015"]
[Site "China CHN"]
[Date "2015.08.22"]
[Round "14.2"]
[White "Ma, Zhonghan"]
[Black "Bai, Jinshi"]
[Result "1/2-1/2"]
[WhiteTitle "IM"]
[BlackTitle "IM"]
[WhiteElo "2468"]
[BlackElo "2518"]
[WhiteTeam "Qingdao"]
[BlackTeam "Hangzhou"]
[WhiteFideId "8607206"]
[BlackFideId "8602280"]
[EventDate "2015.04.10"]

1. d4 Nf6 2. c4 g6 3. g3 c6 4. Bg2 d5 5. cxd5 cxd5 6. Nc3 Bg7 7. Nf3 Ne4 8. Qb3
Nxc3 9. bxc3 O-O 10. Nd2 e6 11. Ba3 Re8 12. O-O Nc6 13. e4 Na5 14. Qb5 Bd7 15.
Qd3 Bc6 16. Bb4 Rc8 17. Rfe1 dxe4 18. Bxe4 Bxe4 19. Qxe4 Nc6 20. Ba3 Qa5 21. Nc4
Qxc3 22. Rac1 Qxd4 23. Nd6 Qxe4 24. Rxe4 Bf8 25. Nxc8 Bxa3 26. Rxc6 bxc6 27.
Nxa7 Rb8 28. Nxc6 Rb2 29. Ne5 Rxa2 30. Ra4 Ra1+ 31. Kg2 Bb2 32. Rxa1 Bxa1 33.
Nc4 e5 34. g4 f6 35. h3 Kf7 36. f3 Ke6 37. Nd2 Bd4 38. Ne4 Be3 39. Ng3 Kd5 40.
Ne4 Bg5 41. Kf1 Bh4 42. Ke2 Kd4 43. Nd6 Kc5 44. Ne4+ Kd4 45. Nd6 Bg5 46. Ne4 h6
47. Nd6 Kd5 48. Ne4 f5 49. gxf5 gxf5 50. Ng3 Ke6 51. Kf1 Bh4 52. Ne2 Kd5 53. Nc1
Bg3 54. Ke2 Kc4 55. Nd3 Bf4 56. Nb2+ Kd4 57. Nd3 Bg5 58. Nb4 e4 59. fxe4 fxe4
60. Nc2+ Ke5 61. Kf2 Bd2 62. Ke2 Ba5 63. Ne3 Kf4 64. Ng4 h5 65. Nf6 h4 66. Nxe4
Kxe4 67. Kf2 Kd3 68. Kg2 Ke2 69. Kh1 Kf2 70. Kh2 Bc7+ 71. Kh1 Kg3 72. Kg1 Kxh3
73. Kh1 Kg3 74. Kg1 Bb6+ 75. Kh1 Bd8 76. Kg1 h3 77. Kh1 h2 1/2-1/2

[Event "TCh-CHN 2015"]
[Site "China CHN"]
[Date "2015.08.22"]
[Round "14.2"]
[White "Mu, Ke"]
[Black "Popov, Ivan"]
[Result "0-1"]
[BlackTitle "GM"]
[WhiteElo "2392"]
[BlackElo "2661"]
[WhiteTeam "Qingdao"]
[BlackTeam "Hangzhou"]
[WhiteFideId "8602778"]
[BlackFideId "4170350"]
[EventDate "2015.04.10"]

1. d4 Nf6 2. c4 e6 3. Nf3 b6 4. g3 Bb7 5. Bg2 Be7 6. Nc3 Ne4 7. Bd2 Bf6 8. Rc1
Nxd2 9. Qxd2 d6 10. O-O O-O 11. d5 e5 12. b4 a5 13. a3 Nd7 14. Qc2 g6 15. e4 Bg7
16. Nb5 Ba6 17. Rfe1 h5 18. Rb1 Bh6 19. Bh3 axb4 20. axb4 Nf6 21. Bf1 Qd7 22.
Nc3 Qe7 23. Ra1 Bb7 24. Qb2 Kg7 25. Rxa8 Rxa8 26. Ra1 Rxa1 27. Qxa1 Bc8 28. h3
Ne8 29. c5 bxc5 30. bxc5 Qf6 31. Bg2 Bxh3 32. Qa8 Bg4 33. Qxe8 Bxf3 34. Nb5 h4
35. cxd6 cxd6 36. Nxd6 Bxg2 37. Qb8 Qf3 38. Ne8+ Kh7 39. Qxe5 g5 40. g4 h3 41.
d6 h2+ 42. Qxh2 Bh3 43. Qg3 Qxg3+ 44. fxg3 Bf8 45. Kh2 Bf1 46. d7 Be7 47. Nd6
Kg7 48. e5 Kf8 49. Kg1 Be2 50. Nb7 Bf3 51. d8=Q+ Bxd8 52. Nxd8 Ke7 53. Kf2 Bd5 0-1

[Event "TCh-CHN 2015"]
[Site "China CHN"]
[Date "2015.08.22"]
[Round "14.2"]
[White "Lei, Tingjie"]
[Black "Pham, Le Thao Nguyen"]
[Result "1-0"]
[WhiteTitle "WGM"]
[BlackTitle "WGM"]
[WhiteElo "2444"]
[BlackElo "2319"]
[WhiteTeam "Hangzhou"]
[BlackTeam "Qingdao"]
[WhiteFideId "8605114"]
[BlackFideId "12401226"]
[EventDate "2015.04.10"]

1. d4 d5 2. c4 c6 3. Nf3 Nf6 4. Nc3 dxc4 5. a4 Bf5 6. Ne5 Nbd7 7. Nxc4 Qc7 8. g3
e5 9. dxe5 Nxe5 10. Bf4 Nfd7 11. a5 Rd8 12. Qc1 f6 13. Bg2 a6 14. O-O Be6 15.
Nd2 Bd6 16. Qc2 Nf7 17. Bxd6 Qxd6 18. Rfd1 Qe7 19. Nf3 O-O 20. Nd4 Nde5 21. Ne4
Bc8 22. Nc5 Rfe8 23. b4 Nd6 24. Qc1 Kh8 25. f4 Nef7 26. e4 Nb5 27. Nc2 Bg4 28.
Re1 Nd4 29. Nxd4 Rxd4 30. Qc3 Red8 31. h3 Be6 32. Bf1 h6 33. Rab1 g5 34. Kh1 Bc8
35. Qf3 Kg7 36. Red1 Qd6 37. Rxd4 Qxd4 38. Bg2 Qd2 39. Rf1 g4 40. hxg4 Qxb4 41.
Rc1 Qxa5 42. Qb3 Qd2 43. Ra1 b5 44. Ne6+ Bxe6 45. Qxe6 Qc3 46. Rf1 Qxg3 47. e5
Qh4+ 48. Kg1 f5 49. gxf5 Rf8 50. Qxc6 Qd8 51. Rf3 Kh8 52. Rg3 Rg8 53. Rg6 Qd4+
54. Kh1 Qd1+ 55. Kh2 Qh5+ 56. Kg3 Qxf5 57. Rxg8+ Kxg8 58. Be4 Nxe5 59. Qe8+ Qf8
60. Qxe5 Qg7+ 61. Qxg7+ Kxg7 62. Bd3 Kf6 63. Kg4 Kg7 64. Kf5 Kf7 65. Be2 Kg7 66.
Ke6 b4 67. Bxa6 b3 68. Bd3 h5 69. Ke7 1-0

[Event "TCh-CHN 2015"]
[Site "China CHN"]
[Date "2015.08.22"]
[Round "14.2"]
[White "Gu, Tianlu"]
[Black "Yuan, Ye"]
[Result "0-1"]
[WhiteTitle "WIM"]
[WhiteElo "2182"]
[BlackElo "2114"]
[WhiteTeam "Hangzhou"]
[BlackTeam "Qingdao"]
[WhiteFideId "8603995"]
[BlackFideId "8608415"]
[EventDate "2015.04.10"]

1. e4 c5 2. Nf3 e6 3. d4 cxd4 4. Nxd4 a6 5. Bd3 Bc5 6. Nb3 Ba7 7. O-O Nc6 8. c4
Nf6 9. Nc3 O-O 10. Bg5 Ne5 11. Be2 Ng6 12. c5 h6 13. Be3 b5 14. Qd4 Bb8 15. a4
Be5 16. Qd2 b4 17. Na2 Nxe4 18. Qc2 f5 19. f4 Bc7 20. Nxb4 Qh4 21. Nd3 Bb7 22.
Nd2 Qf6 23. Nf3 Bd5 24. Bd4 Qe7 25. Qc1 d6 26. cxd6 Bxd6 27. Nfe5 Nxe5 28. Nxe5
Rfc8 29. Qe3 Bb4 30. Nf3 g5 31. fxg5 hxg5 32. Bd3 g4 33. Ne5 Bd2 34. Qe2 Bg5 35.
Bxe4 Bxe4 36. Bc3 Rxc3 37. bxc3 Qc5+ 38. Kh1 Qxe5 39. Qf2 Kf7 40. Kg1 Rh8 41. g3
Bb7 42. Rfe1 Qd5 43. Kf1 a5 44. Rab1 Qh1+ 45. Ke2 Ba6+ 46. Kd1 Qd5+ 47. Kc2 Qd3+ 0-1

[Event "TCh-CHN 2015"]
[Site "China CHN"]
[Date "2015.08.22"]
[Round "14.3"]
[White "Lu, Shanglei"]
[Black "Zhao, Jun"]
[Result "1/2-1/2"]
[WhiteTitle "GM"]
[BlackTitle "GM"]
[WhiteElo "2570"]
[BlackElo "2621"]
[WhiteTeam "Zhejiang"]
[BlackTeam "Shandong"]
[WhiteFideId "8603332"]
[BlackFideId "8602522"]
[EventDate "2015.04.10"]

1. d4 Nf6 2. c4 e6 3. Nf3 d5 4. Nc3 c5 5. cxd5 Nxd5 6. g3 Nc6 7. Bg2 cxd4 8.
Nxd4 Ndb4 9. Nxc6 Qxd1+ 10. Nxd1 Nxc6 11. Ne3 Bb4+ 12. Bd2 Bxd2+ 13. Kxd2 Bd7
14. Rhd1 Ke7 15. h4 Rhd8 16. Ke1 Be8 17. Nc4 Rxd1+ 18. Rxd1 Rd8 19. Rxd8 Nxd8
20. Kd2 b6 21. Kc3 f6 22. f4 Nf7 23. Kd4 Nd6 24. Nxd6 Kxd6 25. Be4 h6 26. b4 Bd7
27. a3 Be8 28. e3 Bd7 29. Kc4 Be8 30. Kd4 Bd7 31. Kc4 1/2-1/2

[Event "TCh-CHN 2015"]
[Site "China CHN"]
[Date "2015.08.22"]
[Round "14.3"]
[White "Xu, Minghui"]
[Black "Wen, Yang"]
[Result "0-1"]
[BlackTitle "GM"]
[WhiteElo "2229"]
[BlackElo "2573"]
[WhiteTeam "Zhejiang"]
[BlackTeam "Shandong"]
[WhiteFideId "8606790"]
[BlackFideId "8602956"]
[EventDate "2015.04.10"]

1. d4 c5 2. d5 d6 3. c4 e5 4. dxe6 Bxe6 5. Nc3 Nc6 6. e4 Nge7 7. Nf3 Ng6 8. Ng5
Bd7 9. f4 Be7 10. Nf3 Nh4 11. Nxh4 Bxh4+ 12. g3 Bf6 13. Qxd6 Bxc3+ 14. bxc3 Qa5
15. Qd2 O-O-O 16. Kf2 Qa4 17. Qb2 Na5 18. Be2 Bc6 19. Re1 Bxe4 20. Qb5 Qxb5 21.
cxb5 Bd3 22. Be3 Bxe2 23. Kxe2 Rhe8 24. Rad1 Rxd1 25. Kxd1 Nc4 26. Bf2 Rxe1+ 27.
Kxe1 b6 28. a4 Nb2 29. Kd2 Nxa4 30. Kd3 Nb2+ 31. Ke4 Kd7 32. Kd5 Nd1 33. Be1
Ne3+ 34. Ke4 Nc2 0-1

[Event "TCh-CHN 2015"]
[Site "China CHN"]
[Date "2015.08.22"]
[Round "14.3"]
[White "Xu, Huahua"]
[Black "Ding, Yixin"]
[Result "0-1"]
[WhiteTitle "WIM"]
[BlackTitle "WGM"]
[WhiteElo "2105"]
[BlackElo "2434"]
[WhiteTeam "Shandong"]
[BlackTeam "Zhejiang"]
[WhiteFideId "8604096"]
[BlackFideId "8602972"]
[EventDate "2015.04.10"]

1. e4 c5 2. Nf3 d6 3. Bb5+ Nd7 4. O-O a6 5. Bxd7+ Bxd7 6. c3 c4 7. d4 cxd3 8.
Qxd3 e5 9. Bg5 Qc7 10. Na3 h6 11. Bh4 g5 12. Bg3 Be6 13. Nd2 Be7 14. Nac4 Nf6
15. Ne3 h5 16. f3 h4 17. Bf2 Nh5 18. Nd5 Bxd5 19. Qxd5 Nf4 20. Qb3 Ne2+ 21. Kh1
Ng3+ 22. hxg3 hxg3+ 23. Kg1 gxf2+ 24. Kxf2 d5 25. exd5 Bc5+ 26. Ke2 O-O-O 27.
Qc4 Rh2 28. Qg4+ Qd7 29. Qxd7+ Rxd7 30. c4 Rxg2+ 31. Kd3 f5 32. Nb3 Bb4 33. Rg1
Rxb2 34. Rxg5 Rf7 35. Rg8+ Kc7 36. Re8 Rf2 37. Rxe5 Rxf3+ 38. Re3 Rf2 39. Re2
Rxe2 40. Kxe2 Re7+ 41. Kd3 f4 42. c5 Re3+ 43. Kc4 a5 44. d6+ Kc6 45. Nd4+ Kd7
46. Kd5 Rc3 47. Rf1 Rxc5+ 48. Ke4 Kxd6 49. Rxf4 Rh5 50. a4 Kc5 51. Ne6+ Kc4 52.
Rf7 Bd6 53. Nd8 Re5+ 54. Kf3 b6 55. Nb7 Re6 56. Nd8 Re1 57. Nb7 Bc5 58. Rf4+ Kb3
59. Rg4 Re3+ 60. Kg2 Rd3 61. Rg5 Kb4 62. Kf1 Rd7 63. Rg4+ Bd4 64. Ke2 Kc4 0-1

[Event "TCh-CHN 2015"]
[Site "China CHN"]
[Date "2015.08.22"]
[Round "14.3"]
[White "Xiao, Yiyi"]
[Black "Qiu, Mengjie"]
[Result "0-1"]
[WhiteTitle "WFM"]
[BlackTitle "WFM"]
[WhiteElo "2218"]
[BlackElo "2122"]
[WhiteTeam "Shandong"]
[BlackTeam "Zhejiang"]
[WhiteFideId "8606161"]
[BlackFideId "8606137"]
[EventDate "2015.04.10"]

1. d4 Nf6 2. c4 e6 3. g3 d5 4. Bg2 dxc4 5. Qa4+ c6 6. Qxc4 b5 7. Qc2 Bb7 8. Nf3
Nbd7 9. O-O c5 10. a4 b4 11. Rd1 Rc8 12. Qc4 cxd4 13. Qxd4 Bc5 14. Qh4 Qb6 15.
e3 Bd5 16. Nbd2 Qb7 17. b3 Be7 18. e4 Nxe4 19. Nxe4 Bxe4 20. Rxd7 Bxh4 21. Rxb7
Bf6 22. Rxb4 Bxa1 23. Be3 Bd5 24. h4 Bc3 25. Rb5 a6 26. Rb6 a5 27. Nd4 Bxg2 28.
Kxg2 Bxd4 29. Bxd4 O-O 30. Rb5 Ra8 31. Be5 Rfc8 32. Rb7 Rc5 33. Bf4 e5 34. Be3
Rcc8 35. Rb5 f6 36. Kf3 Rcb8 37. Ke4 Kf7 38. Kd5 Ke7 39. Kc6 Rc8+ 40. Kb6 Kd6
41. Bc5+ Kd7 42. Ba3 Rcb8+ 43. Kc5 Kc7 44. Bc1 Rxb5+ 45. axb5 Kb7 46. Be3 Rc8+
47. Kd5 Rc3 48. Ke6 Rxb3 49. Bc5 a4 50. Kf7 a3 51. Bxa3 Rxa3 52. Kxg7 Rf3 53.
Kxh7 Rxf2 54. Kg6 e4 0-1

[Event "TCh-CHN 2015"]
[Site "China CHN"]
[Date "2015.08.22"]
[Round "14.4"]
[White "Yu, Ruiyuan"]
[Black "Lou, Yiping"]
[Result "1/2-1/2"]
[WhiteTitle "GM"]
[BlackTitle "IM"]
[WhiteElo "2571"]
[BlackElo "2453"]
[WhiteTeam "Jiangsu"]
[BlackTeam "Shanghai"]
[WhiteFideId "8603090"]
[BlackFideId "8603928"]
[EventDate "2015.04.10"]

1. e4 e6 2. d4 d5 3. Nd2 c5 4. exd5 Qxd5 5. Ngf3 cxd4 6. Bc4 Qd6 7. O-O Nf6 8.
Nb3 Nc6 9. Nbxd4 Nxd4 10. Nxd4 a6 11. Re1 Qc7 12. Qe2 h6 13. g3 Bd6 14. Nf5 O-O
15. Nxd6 Qxd6 16. Bf4 Qc6 17. Bd3 b5 18. Be4 Nxe4 19. Qxe4 Bb7 20. Qxc6 Bxc6 21.
Bc7 Rfc8 22. Ba5 Bd5 23. c3 f6 24. a4 Kf7 25. axb5 axb5 26. Bb6 Rxa1 27. Rxa1
Ra8 28. Rxa8 Bxa8 29. h4 g5 30. hxg5 hxg5 31. f4 gxf4 32. gxf4 e5 33. fxe5 fxe5 1/2-1/2

[Event "TCh-CHN 2015"]
[Site "China CHN"]
[Date "2015.08.22"]
[Round "14.4"]
[White "Lin, Chen"]
[Black "Ni, Hua"]
[Result "1/2-1/2"]
[WhiteTitle "IM"]
[BlackTitle "GM"]
[WhiteElo "2448"]
[BlackElo "2704"]
[WhiteTeam "Jiangsu"]
[BlackTeam "Shanghai"]
[WhiteFideId "8602298"]
[BlackFideId "8601160"]
[EventDate "2015.04.10"]

1. e4 c5 2. Nf3 e6 3. c3 Nf6 4. e5 Nd5 5. Bc4 Nb6 6. Bb3 d6 7. exd6 Bxd6 8. d4
N8d7 9. O-O O-O 10. Bg5 Be7 11. Bxe7 Qxe7 12. Qe2 Rd8 13. Rd1 Nf6 14. Nbd2 Bd7
15. dxc5 Qxc5 16. Ne4 Nxe4 17. Qxe4 Bc6 18. Qe5 Qxe5 19. Nxe5 Ba4 20. Kf1 Kf8
21. Ke2 f6 22. Nd3 Rac8 23. Nf4 Rxd1 24. Rxd1 Ke7 25. Bxa4 Nxa4 26. Rd4 b5 27.
Nd3 a5 28. Kd2 Nb6 29. b3 e5 30. Re4 Kd6 31. f4 Kd5 32. Nf2 Nd7 33. fxe5 fxe5
34. Rh4 Nf6 35. Rh3 e4 36. Rg3 g6 37. Rg5+ Kc6 38. Re5 Rd8+ 39. Ke2 Rd5 40. Rxd5
Kxd5 41. Ke3 g5 42. g4 b4 43. c4+ Ke5 44. h3 h6 45. Nh1 Nd7 46. Ng3 Nc5 47. Nf5
a4 48. Nd4 Kd6 49. Nf5+ Kc6 50. bxa4 Nxa4 51. Kxe4 Nc3+ 52. Kd3 Nxa2 53. Nxh6
Nc1+ 54. Kc2 Ne2 55. Nf7 Nd4+ 56. Kd3 Nf3 57. Nd8+ Kd6 58. Nb7+ Ke5 59. Na5 Nd4
60. c5 Kd5 61. c6 Nxc6 62. Nxc6 Kxc6 63. Kc4 Kd6 64. Kxb4 Ke5 65. Kc4 Kf4 66.
Kd3 Kg3 67. Ke3 Kxh3 68. Kf2 Kxg4 69. Kg2 Kf4 70. Kf2 g4 71. Kg2 g3 72. Kg1 Kf3
73. Kf1 g2+ 74. Kg1 Kg3 1/2-1/2

[Event "TCh-CHN 2015"]
[Site "China CHN"]
[Date "2015.08.22"]
[Round "14.5"]
[White "Xu, Yinglun"]
[Black "Xiu, Deshun"]
[Result "0-1"]
[BlackTitle "GM"]
[WhiteElo "2443"]
[BlackElo "2557"]
[WhiteTeam "Guangdong"]
[BlackTeam "Beijing"]
[WhiteFideId "8604940"]
[BlackFideId "8603693"]
[EventDate "2015.04.10"]

1. d4 Nf6 2. c4 e6 3. Nf3 b6 4. g3 Ba6 5. Qa4 Bb7 6. Bg2 c5 7. dxc5 bxc5 8. Nc3
Be7 9. O-O O-O 10. Rd1 Qb6 11. Bf4 Rd8 12. Qb5 d6 13. Qxb6 axb6 14. Ne1 Bxg2 15.
Kxg2 h6 16. e4 Nc6 17. Nd3 g5 18. Bd2 d5 19. exd5 exd5 20. cxd5 Nxd5 21. a3 Ra7
22. f3 Rad7 23. Nf2 Bf6 24. Nxd5 Rxd5 25. Bc3 Bxc3 26. bxc3 Rd2 27. f4 Na5 28.
Kf3 Nc4 29. a4 g4+ 0-1

[Event "TCh-CHN 2015"]
[Site "China CHN"]
[Date "2015.08.22"]
[Round "14.5"]
[White "Wang, Jue"]
[Black "Liu, Manli CHN"]
[Result "1-0"]
[WhiteTitle "WGM"]
[WhiteElo "2365"]
[BlackElo "2033"]
[WhiteTeam "Beijing"]
[BlackTeam "Guangdong"]
[WhiteFideId "8604070"]
[BlackFideId "8608121"]
[EventDate "2015.04.10"]

1. e4 c5 2. Nf3 Nc6 3. d4 cxd4 4. Nxd4 g6 5. Nc3 Bg7 6. Be3 Nf6 7. Bc4 Qa5 8.
O-O O-O 9. Nb3 Qd8 10. f4 d6 11. Be2 Bd7 12. Bf3 Rc8 13. Qe1 b6 14. h3 Ne8 15.
Qf2 Kh8 16. Rad1 Be6 17. Rfe1 Qc7 18. Nd5 Qb8 19. c3 Bd7 20. Nd4 Nxd4 21. Bxd4
e6 22. Bxg7+ Kxg7 23. Qd4+ f6 24. Nb4 a5 25. Nd3 Bc6 26. h4 Rd8 27. h5 e5 28.
Qe3 Nc7 29. Nf2 Ne6 30. g3 g5 31. f5 Nc7 32. c4 Na6 33. Rd2 h6 34. Nd1 Rd7 35.
Nc3 Rfd8 36. Bd1 Nc7 37. Bb3 Na6 38. Bc2 Nc7 39. Red1 Na6 40. a3 Qb7 41. Qe2 Nc7
42. b4 axb4 43. axb4 b5 44. Bb3 bxc4 45. Qxc4 Nb5 46. Nd5 Nd4 47. Rxd4 exd4 48.
Nxf6 Re7 49. Qxd4 Kf8 50. Nd7+ Ke8 51. Nc5 Kf8 52. Nd7+ Ke8 53. Nc5 1-0

[Event "TCh-CHN 2015"]
[Site "China CHN"]
[Date "2015.08.22"]
[Round "14.6"]
[White "Zhao, Yuanhe"]
[Black "Wan, Yunguo"]
[Result "1-0"]
[BlackTitle "IM"]
[WhiteElo "2217"]
[BlackElo "2477"]
[WhiteTeam "Chengdu"]
[BlackTeam "Heibei"]
[WhiteFideId "8609497"]
[BlackFideId "8603189"]
[EventDate "2015.04.10"]

1. d4 b5 2. e4 Bb7 3. Bd3 Nf6 4. Qe2 c5 5. c3 cxd4 6. cxd4 Nc6 7. Nf3 Nb4 8.
Nbd2 Nxd3+ 9. Qxd3 Qb6 10. O-O e6 11. Re1 Be7 12. Nb3 O-O 13. Bg5 h6 14. Bh4 d6
15. d5 e5 16. a4 bxa4 17. Rxa4 Rfb8 18. Nfd2 Bc8 19. Rea1 Bd7 20. Ra6 Qb7 21.
Bxf6 Bxf6 22. R6a3 Qb4 23. Na5 Qxb2 24. Nc6 Bxc6 25. dxc6 Rc8 26. Qd5 Qc2 27.
Nc4 Rc7 28. g3 Be7 29. Ra6 Bf8 30. Kg2 Qc3 31. R1a3 Qc1 32. Rb3 Rac8 33. Rb7 Kh7
34. Na5 Qc3 35. Raxa7 Rxc6 36. Nxc6 Qxc6 37. Qxc6 Rxc6 38. Rb8 1-0

[Event "TCh-CHN 2015"]
[Site "China CHN"]
[Date "2015.08.22"]
[Round "14.6"]
[White "Xu, Xiangyu CHN"]
[Black "Wang, Rui"]
[Result "1-0"]
[BlackTitle "GM"]
[WhiteElo "2243"]
[BlackElo "2403"]
[WhiteTeam "Chengdu"]
[BlackTeam "Heibei"]
[WhiteFideId "8608288"]
[BlackFideId "8601003"]
[EventDate "2015.04.10"]

1. e4 e5 2. Nf3 Nc6 3. Bc4 Bc5 4. O-O Nf6 5. d4 Bxd4 6. Nxd4 Nxd4 7. f4 d6 8.
fxe5 dxe5 9. Bg5 Be6 10. Na3 Qe7 11. c3 Bxc4 12. Bxf6 gxf6 13. Nxc4 Ne6 14. Kh1
Qc5 15. Na3 Rg8 16. Rxf6 Nf4 17. Rf5 Rg6 18. g3 Nh3 19. Qf1 Ng5 20. Rd1 f6 21.
Rxf6 Nxe4 22. Rf5 Rg5 23. Rf3 Rd8 24. Rf8+ 1-0

[Event "TCh-CHN 2015"]
[Site "China CHN"]
[Date "2015.08.22"]
[Round "14.6"]
[White "Liu, Guanchu"]
[Black "Zhang, Ziji"]
[Result "1/2-1/2"]
[WhiteTitle "IM"]
[WhiteElo "2379"]
[BlackElo "2223"]
[WhiteTeam "Chengdu"]
[BlackTeam "Heibei"]
[WhiteFideId "8603901"]
[BlackFideId "8609470"]
[EventDate "2015.04.10"]

1. e4 c5 2. Nf3 d6 3. d4 cxd4 4. Nxd4 Nf6 5. Nc3 g6 6. Be3 Bg7 7. f3 Nc6 8. Qd2
O-O 9. O-O-O Nxd4 10. Bxd4 Be6 11. g4 Qa5 12. Kb1 Rfc8 13. a3 Rab8 14. g5 Nh5
15. Nd5 Qxd2 16. Rxd2 Bxd5 17. exd5 Bxd4 18. Rxd4 Rc7 19. Bd3 Rf8 20. f4 f6 21.
Re1 fxg5 22. fxg5 Rf2 23. Rde4 Kf8 24. R4e2 Rf7 25. Re3 Kg7 26. c4 Kf8 27. Ka2
Kg7 28. h4 Kf8 29. Kb3 Rc8 30. Rf1 Ng7 31. Ref3 Rxf3 32. Rxf3+ Kg8 33. Kc3 Rf8
34. Rxf8+ Kxf8 35. b4 b6 36. c5 dxc5 37. bxc5 bxc5 38. Kc4 Ke8 39. Kxc5 Kd7 40.
Be2 Kc7 41. Bg4 Ne8 42. Be6 Ng7 43. Bg4 Ne8 44. Be6 Ng7 45. Bg8 Nf5 46. h5 gxh5
47. Bxh7 Ng7 48. Be4 Kd7 49. Bg2 Kc7 50. Bh3 Ne8 51. g6 Ng7 52. a4 Ne8 53. Kd4
Kd6 54. Ke4 1/2-1/2

[Event "TCh-CHN 2015"]
[Site "China CHN"]
[Date "2015.08.22"]
[Round "14.6"]
[White "Zhai, Mo"]
[Black "Ren, Xiaoyi"]
[Result "1-0"]
[WhiteTitle "WIM"]
[WhiteElo "2324"]
[BlackElo "2211"]
[WhiteTeam "Heibei"]
[BlackTeam "Chengdu"]
[WhiteFideId "8600201"]
[BlackFideId "8608709"]
[EventDate "2015.04.10"]

1. d4 d5 2. c4 dxc4 3. Nf3 Nf6 4. e3 e6 5. Bxc4 a6 6. a4 c5 7. O-O Nc6 8. dxc5
Qxd1 9. Rxd1 Bxc5 10. Nbd2 O-O 11. Nb3 Be7 12. Bd2 Ne4 13. Be1 Rb8 14. Rac1 Nd6
15. Be2 Ne4 16. Na5 Nxa5 17. Bxa5 b6 18. Be1 a5 19. Ne5 Bf6 20. Nc6 Rb7 21. b4
Bd7 22. f3 Nc5 23. bxc5 Bxc6 24. Ba6 Rbb8 25. Bg3 e5 26. Rd6 Bxa4 27. c6 Be7 28.
Rd3 Bc5 29. c7 Rbe8 30. Be1 e4 31. fxe4 f5 32. Rxc5 bxc5 33. Bxa5 Ra8 34. Rd8
Bd7 35. Bb7 Raxd8 36. cxd8=Q Rxd8 37. Bxd8 fxe4 38. Be7 Kf7 39. Bxc5 Bf5 40.
Bd5+ Kg6 41. Bd4 h5 42. h4 Kh6 43. Kf2 g5 44. Kg3 Kg6 45. Bc6 Kh6 46. Bf6 gxh4+
47. Bxh4 1-0

[Event "TCh-CHN 2015"]
[Site "China CHN"]
[Date "2015.08.22"]
[Round "14.6"]
[White "Wang, Doudou"]
[Black "Li, Yunshan"]
[Result "1/2-1/2"]
[WhiteTitle "WIM"]
[BlackTitle "WFM"]
[WhiteElo "2205"]
[BlackElo "1916"]
[WhiteTeam "Heibei"]
[BlackTeam "Chengdu"]
[WhiteFideId "8603197"]
[BlackFideId "8607664"]
[EventDate "2015.04.10"]

1. d4 Nf6 2. c4 g6 3. Nc3 d5 4. Bg5 Bg7 5. Nf3 Ne4 6. Bf4 Nxc3 7. bxc3 O-O 8. e3
c5 9. cxd5 cxd4 10. cxd4 Qxd5 11. Be2 Nc6 12. O-O b6 13. Rc1 Bb7 14. Qb3 Qxb3
15. axb3 Rac8 16. h3 Rfe8 17. Rfd1 Nb4 18. Bc4 a6 19. Ne5 Bd5 20. Bxd5 Nxd5 21.
Nc6 Bf8 22. Bg3 e6 23. e4 Nb4 24. Nxb4 Bxb4 25. Rc7 Red8 26. d5 exd5 27. exd5
Rxc7 28. Bxc7 Rd7 29. Bxb6 Kf8 30. Kf1 Ke7 31. Ke2 Kd6 32. Ra1 Kxd5 33. Ra4 Bc3
34. Kd3 Kc6+ 35. Kxc3 Kxb6 36. Rb4+ Kc5 37. Rc4+ Kb5 38. Rb4+ Kc5 1/2-1/2

[Event "TCh-CHN 2015"]
[Site "China CHN"]
[Date "2015.08.23"]
[Round "15.1"]
[White "Xiu, Deshun"]
[Black "Yu, Ruiyuan"]
[Result "1/2-1/2"]
[WhiteTitle "GM"]
[BlackTitle "GM"]
[WhiteElo "2557"]
[BlackElo "2571"]
[WhiteTeam "Beijing"]
[BlackTeam "Jiangsu"]
[WhiteFideId "8603693"]
[BlackFideId "8603090"]
[EventDate "2015.04.10"]

1. c4 c6 2. Nf3 d5 3. e3 Nf6 4. Nc3 g6 5. d4 Bg7 6. Bd3 O-O 7. O-O Bg4 8. h3
Bxf3 9. Qxf3 dxc4 10. Bxc4 Nbd7 11. Rd1 e5 12. d5 e4 13. Nxe4 Nxe4 14. Qxe4 Nb6
15. Bb3 cxd5 16. Qf3 Qf6 17. Qxf6 Bxf6 18. a4 Rfd8 19. a5 Nc4 20. e4 Rac8 21.
Ra4 Kg7 22. g4 Nxb2 23. Bxb2 Bxb2 24. Bxd5 Rd7 25. Rb4 Rc1 26. Rxc1 Bxc1 27.
Rxb7 Rxb7 28. Bxb7 g5 29. Kg2 a6 30. Bxa6 Bd2 31. f4 gxf4 32. Kf3 Bxa5 33. Kxf4
f6 34. Kf5 h6 35. e5 fxe5 36. Kxe5 Bb6 37. Kf5 Bc5 38. h4 Be7 39. g5 hxg5 40.
hxg5 Bxg5 41. Ke4 1/2-1/2

[Event "TCh-CHN 2015"]
[Site "China CHN"]
[Date "2015.08.23"]
[Round "15.1"]
[White "Guo, Qi"]
[Black "Wang, Jue"]
[Result "1/2-1/2"]
[WhiteTitle "IM"]
[BlackTitle "WGM"]
[WhiteElo "2443"]
[BlackElo "2365"]
[WhiteTeam "Jiangsu"]
[BlackTeam "Beijing"]
[WhiteFideId "8604002"]
[BlackFideId "8604070"]
[EventDate "2015.04.10"]

1. d4 Nf6 2. Nf3 g6 3. c4 Bg7 4. Nc3 d6 5. e4 O-O 6. Be2 e5 7. O-O Nc6 8. d5 Ne7
9. b4 Nh5 10. Re1 f5 11. Ng5 Nf6 12. Bf3 h6 13. Ne6 Bxe6 14. dxe6 c6 15. b5 fxe4
16. Nxe4 Nxe4 17. Bxe4 d5 18. cxd5 cxd5 19. Ba3 dxe4 20. Qxd8 Rfxd8 21. Bxe7 Re8
22. Bc5 Rxe6 23. Be3 a6 24. b6 Rd8 25. Rac1 Red6 26. g4 Kf7 27. Kg2 Ke6 28. Rc4
Rd1 29. Re2 h5 30. g5 Kf5 1/2-1/2

[Event "TCh-CHN 2015"]
[Site "China CHN"]
[Date "2015.08.23"]
[Round "15.2"]
[White "Zhao, Yuanhe"]
[Black "Fang, Yuxiang"]
[Result "1/2-1/2"]
[WhiteElo "2217"]
[BlackElo "2437"]
[WhiteTeam "Chengdu"]
[BlackTeam "Qingdao"]
[WhiteFideId "8609497"]
[BlackFideId "8605840"]
[EventDate "2015.04.10"]

1. d4 d5 2. c4 c6 3. cxd5 cxd5 4. Bf4 Nc6 5. e3 Nf6 6. Nc3 a6 7. Nf3 Bg4 8. Be2
e6 9. Rc1 Bd6 10. Bxd6 Qxd6 11. O-O O-O 12. Na4 Nd7 13. Qb3 Na5 14. Qc3 Nc6 15.
Qb3 Na5 16. Qc3 Nc6 17. Qb3 Na5 18. Qc3 Nc6 19. Qb3 Na5 20. Qc3 Nc6 21. Qb3 Na5
22. Qc3 Nc6 23. Qb3 Na5 24. Qc3 Nc6 25. Qb3 Na5 26. Qc3 1/2-1/2

[Event "TCh-CHN 2015"]
[Site "China CHN"]
[Date "2015.08.23"]
[Round "15.2"]
[White "Xu, Xiangyu CHN"]
[Black "Nguyen, Ngoc Truong Son"]
[Result "1/2-1/2"]
[BlackTitle "GM"]
[WhiteElo "2243"]
[BlackElo "2634"]
[WhiteTeam "Chengdu"]
[BlackTeam "Qingdao"]
[WhiteFideId "8608288"]
[BlackFideId "12401110"]
[EventDate "2015.04.10"]

1. e4 c5 2. Nf3 d6 3. d4 cxd4 4. Nxd4 Nf6 5. Nc3 g6 6. Be3 Bg7 7. f3 Nc6 8. Qd2
O-O 9. O-O-O d5 10. Kb1 e6 11. Bb5 Nxd4 12. Bxd4 dxe4 13. fxe4 a6 14. Be2 e5 15.
Bxe5 Qxd2 16. Rxd2 Nxe4 17. Nxe4 Bxe5 18. Bf3 Ra7 19. Nd6 b6 20. Nxc8 Rxc8 21.
h3 h5 22. Re1 Bg3 23. Ree2 Kg7 24. Rd3 h4 25. a4 Rb8 26. c4 Rc7 27. b3 Kf8 28.
Rd5 a5 29. Kc2 Re8 30. Red2 Be1 31. Rd7 Re7 32. Rxe7 Rxe7 33. Re2 Bb4 34. Rxe7
Kxe7 35. Kd3 Bc5 36. Bb7 f5 37. Ke2 Kf6 38. Bc6 Ke5 39. Be8 g5 40. Kf3 Kd4 41.
Bd7 Ke5 1/2-1/2